[Event "Texas Collegiate chT 2017"]
[Site "Brownsville"]
[Date "2017.10.21"]
[Round "1"]
[White "Kovalyov, Anton"]
[Black "Andrenko, Irina"]
[Result "1-0"]
[WhiteElo "2663"]
[BlackElo "2146"]
[Annotator "TA"]
[PlyCount "114"]
[EventDate "2017.??.??"]
[EventType "team-tourn"]
[EventCountry "USA"]
[SourceTitle "playchess.com"]
[Source "ChessBase"]
[SourceQuality "1"]

{[%evp 18,114,34,40,44,45,42,35,76,72,69,50,89,50,54,50,53,53,55,56,53,72,66,37,41,37,39,37,37,29,28,22,37,37,43,43,45,37,42,0,44,34,34,34,42,23,86,82,78,47,113,83,93,38,166,144,547,161,189,227,230,240,241,108,261,255,225,167,347,335,316,264,239,171,309,295,384,157,383,401,403,369,287,0,181,180,229,222,398,391,363,276,283,270,450,429,701,634,5152]} 1. c4 Nf6 2. Nf3 g6 3. Nc3 Bg7 4. e4 d6 5. d4 O-O 6. Be2 c5 7. O-O Re8 8. Re1 {E91: Königsindisch (Klassisches System)} (8. Be3 Ng4 9. Bg5 h6 10. Bc1 Nd7 11. h3 cxd4 12. Nxd4 Ngf6 13. Be3 b6 14. Qd2 h5 15. Bh6 Bb7 16. Bxg7 Kxg7 {½-½ (42) Giri,A (2764)-Carlsen,M (2851) Leuven 2017}) 8... cxd4 9. Nxd4 Nc6 10. Be3 {LiveBook: 6 Partien. Weiß steht etwas besser.} (10. Nc2 a5 11. Be3 Nd7 12. Na3 Nc5 13. f3 a4 14. Nab5 Bd7 15. Nd5 Rf8 {1-0 (33) Kovalyov,A (2647)-Andrenko,I (2183) Kenner 2016}) 10... Nd7 $146 ({Vorgänger:} 10... Nxd4 11. Bxd4 Bd7 12. Qd2 Bc6 13. f3 a5 14. b3 Nd7 15. Bf1 Bxd4+ 16. Qxd4 {0-1 (47) Artemiev,V (2676)-Morozevich,A (2692) Moscow 2015}) 11. Rc1 Nxd4 12. Bxd4 Bxd4 13. Qxd4 Qb6 14. Qxb6 Nxb6 15. Nd5 {Droht Sc7 und aus.} Nxd5 16. cxd5 Rd8 17. Rc7 Kf8 18. Rec1 Rb8 19. R1c3 a6 20. f3 Bd7 21. Kf2 Ke8 22. Rb3 b5 $1 23. Rbc3 Ra8 24. Ke3 Rdc8 25. Rxc8+ Rxc8 $14 {[%mdl 4096] Endspiel KTL-KTL} 26. Ra3 Ra8 27. f4 Kd8 28. g4 Kc7 29. Kd4 b4 30. Re3 Kb6 31. e5 Rf8 (31... dxe5+ $11 {bleibt in der Remisbreite.} 32. Rxe5 (32. fxe5 Rc8 $14) 32... e6) 32. exd6 $16 exd6 33. Re7 Bc8 (33... Re8 $14 34. Rxd7 (34. Rxf7 Rxe2 35. Rxd7 Rxb2 $11) 34... Rxe2) 34. h3 h6 35. Bd3 (35. h4 $16) 35... a5 ({Lieber} 35... f5 $14) 36. f5 $18 h5 $2 {[%mdl 8192] [#]} (36... gxf5 $16 37. gxf5 a4) 37. gxh5 $2 (37. Rxf7 $3 {[%mdl 512]} Rxf7 38. fxg6) 37... gxf5 38. b3 Rh8 39. Be2 (39. Rxf7 Rxh5 40. Bf1 f4 $11) 39... Rh7 {[#]} 40. Ke3 (40. Bf3 $1 $18 {ist der präzise Gewinnweg.}) 40... f4+ $2 (40... Ba6 $16) 41. Kxf4 Bxh3 42. Bf3 Bc8 $2 (42... Bf1 {ist eine bessere Verteidigung.} 43. Rd7 Kc5) 43. Re1 f6 44. Rg1 Bd7 45. Rg8 Kc5 (45... a4 $142 46. Rf8 axb3 47. axb3 Rh6) 46. Ra8 Kb6 47. Rd8 (47. Rb8+ $18 {und Weiss behält klar die Oberhand.} Kc7 48. Ra8) 47... Kc7 $2 (47... Kc5 $16 48. Ra8 Kb6) 48. Rf8 Rh6 49. Rg8 Rh7 50. Rf8 Rh6 $1 51. Ra8 Kb6 52. Be2 Kb7 $2 (52... Kc5 {war angesagt.} 53. Rxa5+ Kd4) 53. Rg8 Rh7 54. Rg6 Be8 55. Kf5 ({Lieber nicht} 55. Rxf6 Bxh5 56. Bxh5 Rxh5 $11) 55... Re7 $2 (55... Kb6 56. Kxf6 Rf7+ 57. Kg5 Rf2) 56. Bg4 Re5+ (56... Kb6 $142 57. Kxf6 Rh7) 57. Kxf6 Rxd5 {Precision: Weiß = 51%, Schwarz = 36%.} 1-0

[Event "Texas Collegiate chT 2017"]
[Site "Brownsville"]
[Date "2017.10.21"]
[Round "1"]
[White "Dragun, Kamil"]
[Black "Hernandez Carmenate, Holden"]
[Result "1/2-1/2"]
[WhiteElo "2612"]
[BlackElo "2463"]
[Annotator "TA"]
[PlyCount "67"]
[EventDate "2017.??.??"]
[EventType "team-tourn"]
[EventCountry "USA"]
[SourceTitle "playchess.com"]
[Source "ChessBase"]
[SourceQuality "1"]

{[%evp 22,67,57,45,75,29,34,30,37,36,27,27,37,40,47,45,49,50,54,45,52,9,13,7,9,1,29,29,31,6,6,7,5,10,4,10,6,15,4,0,0,0,3,0,0,0,3,0]} 1. e4 Nf6 2. e5 Nd5 3. d4 d6 4. Nf3 g6 5. Bc4 c6 6. O-O Bg7 7. exd6 Qxd6 8. c3 O-O 9. Re1 Bg4 10. Nbd2 Nd7 11. h3 {B04: Alekhine's Defence: 4 Nf3} Bxf3 12. Nxf3 {LiveBook: 8 Games} b5 (12... e6 13. a4 a5 14. Bg5 N7b6 15. Bf1 c5 16. dxc5 Qxc5 17. Qb3 Rfc8 18. Rad1 h6 {1-0 (42) Hansen,E (2603)-Xiong,J (2667) Wijk aan Zee 2017}) 13. Bf1 {White is better.} (13. Bxd5 $5 cxd5 14. Qe2 $14) 13... e5 $146 ({Predecessor:} 13... e6 14. Qc2 a6 15. Bd2 c5 16. dxc5 Qxc5 17. Rad1 N7b6 18. Bc1 Rac8 {½-½ (34) Nordstrom,F (2205)-Sandstrom,L (2320) Stockholm 1994}) 14. dxe5 Nxe5 15. Nxe5 Bxe5 16. a4 b4 17. cxb4 Nxb4 18. Bh6 Rfb8 19. Qxd6 Bxd6 20. Rac1 Bf8 21. Bxf8 (21. Bg5 {is more complex.} Rb7 22. g3 h6 23. Be3 Re8 24. Bg2) 21... Kxf8 22. Rc4 a5 23. Rc5 Re8 24. Rd1 Ke7 25. g3 Ra7 {The position is equal.} 26. h4 Rd8 27. Re5+ Kf6 28. Rxa5 Rxa5 29. Rxd8 {Black must now prevent b3.} Rxa4 $11 {KRB-KRN} 30. Rd7 Ra1 31. Kg2 Re1 32. Bc4 Re7 33. Rd8 Rc7 34. b3 {Precision: White = 58%, Black = 68%.} 1/2-1/2

[Event "Texas Collegiate chT 2017"]
[Site "Brownsville"]
[Date "2017.10.21"]
[Round "1"]
[White "Belous, Vladimir"]
[Black "Preotu, Razvan"]
[Result "1-0"]
[WhiteElo "2564"]
[BlackElo "2502"]
[Annotator "TA"]
[PlyCount "77"]
[EventDate "2017.??.??"]
[EventType "team-tourn"]
[EventCountry "USA"]
[SourceTitle "playchess.com"]
[Source "ChessBase"]
[SourceQuality "1"]

{[%evp 14,77,14,27,17,15,13,29,8,-1,22,27,16,1,9,13,5,0,3,0,0,0,0,4,17,20,8,0,19,0,0,0,43,35,29,42,75,80,87,69,84,32,162,153,319,326,292,287,290,285,285,285,283,283,281,281,274,272,314,315,318,302,357,365,398,400]} 1. Nf3 c5 2. c4 Nc6 3. Nc3 e5 4. e3 {[%cal Be2e3,Be3d4][%mdl 32]} Nf6 5. d4 cxd4 6. exd4 e4 7. Ne5 Bb4 8. Be2 Qa5 {A34: Symmetrical English: 2 Nc3, lines with ...d5} 9. O-O Nxe5 10. dxe5 Qxe5 {White has an edge.} 11. Be3 $146 ({Predecessor:} 11. Bd2 Bc5 12. Nb5 O-O 13. b4 Be7 14. f4 Qe6 15. Be3 Bxb4 16. Nc7 {1-0 (47) Aronian,L (2805)-Caruana,F (2736) Wijk aan Zee 2012}) 11... Bc5 (11... Bxc3 {is interesting.} 12. bxc3 O-O 13. Qd2 b6 14. a4 Ba6) 12. Bxc5 Qxc5 13. Nb5 O-O 14. Qd6 b6 15. b4 Qc6 16. Rad1 Bb7 17. Qf4 {aiming for Rd6.} d5 18. Nd4 Qd7 19. Nf5 {Hoping for Nxg7!} Qe6 20. cxd5 Bxd5 ({But not} 20... Nxd5 $6 21. Rxd5 $1 {[%mdl 512]} Bxd5 22. Qg5 $16) 21. Bg4 Kh8 $1 22. Bh3 {Nxg7! is the strong threat.} Rad8 {[#]} (22... Bxa2 {[#]} 23. Nxg7 $1 {[%mdl 512]} Qc6 24. Rd6 $18) 23. Nxg7 $1 $40 {[%mdl 640] White is up to no good.} Qd6 $1 {[%cal Rd6f4]} (23... Kxg7 24. Bxe6) 24. Qh6 Rg8 25. Nf5 Qe5 26. Rfe1 Rg6 27. Qd2 (27. Qe3 $16) 27... Rdg8 ({Black should play} 27... Nh5 $1 $14) 28. g3 $18 Qe6 $2 (28... b5 $16 29. Rc1 Rd8) 29. Qb2 Re8 30. Nh4 Qe5 31. Nxg6+ hxg6 32. Qxe5 Rxe5 33. a3 Re7 34. Rc1 Kg7 35. f3 {[%cal Bf2f3,Bf3e4][%mdl 32]} Bb7 36. Bg2 Kf8 37. Re3 Rd7 38. fxe4 Rd2 39. h3 {Precision: White = 71%, Black = 50%.} 1-0

[Event "Texas Collegiate chT 2017"]
[Site "Brownsville"]
[Date "2017.10.21"]
[Round "1"]
[White "Matsenko, Sergei"]
[Black "Ynojosa Aponte, Felix Jose"]
[Result "1-0"]
[WhiteElo "2542"]
[BlackElo "2433"]
[Annotator "TA"]
[PlyCount "91"]
[EventDate "2017.??.??"]
[EventType "team-tourn"]
[EventCountry "USA"]
[SourceTitle "playchess.com"]
[Source "ChessBase"]
[SourceQuality "1"]

{[%evp 15,91,15,13,0,0,0,0,-6,3,-5,-10,-15,-7,-18,0,-11,0,0,0,-29,25,13,17,12,31,17,49,18,40,21,14,4,96,114,109,100,93,90,150,163,168,152,420,287,275,257,295,227,355,337,314,239,230,235,242,218,220,112,393,382,600,587,880,839,786,491,633,614,572,565,574,537,29994,422,29995,29996,29996,29997]} 1. Nf3 c5 2. c4 Nc6 3. e3 e5 {[%cal Be7e5,Be5e4][%mdl 32]} 4. Nc3 Nf6 5. d4 e4 6. Nd2 {A34: Symmetrical English: 2 Nc3, lines with ...d5} (6. d5 exf3 7. dxc6 fxg2 8. cxd7+ Bxd7 9. Bxg2 g6 10. b3 Bg7 11. Bb2 O-O 12. Qd2 Qc7 13. O-O-O {½-½ (47) Grischuk,A (2783)-Vachier Lagrave,M (2804) Tbilisi 2017}) 6... cxd4 7. exd4 Bb4 8. Be2 O-O {LiveBook: 6 Games} 9. Nb3 d5 $146 ({Predecessor:} 9... h6 10. O-O b6 11. Bf4 d5 12. a3 dxc4 13. Bxc4 {0-1 (56) Lindbol,A (2076)-Al Tarbosh,W (2248) Oslo 2017}) 10. c5 a5 11. a4 $1 b6 12. cxb6 Qxb6 13. O-O Be6 14. Bf4 Rac8 15. Nb5 Nd7 16. Rc1 h6 17. h4 f5 (17... Nf6 $142) 18. Rc2 $11 Kh7 19. Qc1 {Threatening Bc7!} Ndb8 20. Qe3 Be7 21. h5 Na6 22. Qg3 {And now Qg6+ would win.} Rf6 23. Rc3 $36 {[%mdl 2048] White has the initiative.} g5 (23... Rcf8 $11) 24. hxg6+ $1 $16 Rxg6 {[#]} 25. Qh2 $1 {Black must now prevent Rh3.} Rcg8 26. Rg3 {Rxg6 is the strong threat.} Bf8 (26... Bg5 $142 27. Rxg5 Rxg5) 27. Rxg6 Rxg6 28. Rc1 {aiming for Bh5.} Nab4 $2 (28... Bd7 $16 {was called for.} 29. Bh5 Rf6) 29. Bc7 Qa6 30. Nc5 Qc8 31. Bf4 ({Not} 31. Nxe6 Qxe6 32. Qh3 Be7 $14) 31... Bxc5 (31... Bg8 $142 32. Bh5 Rf6) 32. Rxc5 $18 Qf8 33. Rc3 Bd7 {[#]} 34. Bh5 $1 {[%cal Rh5g6]} Rf6 35. Bd6 Qd8 36. Be2 ({Better is} 36. Bxb4 $18 axb4 37. Rc5) 36... Be8 $2 {[%mdl 8192]} (36... Rg6 $16 37. Bf4 Qf6) 37. Bf4 Rg6 (37... Bd7 $142 38. Bg5 Qf8 39. Bxf6 Qxf6) 38. Rh3 Nd3 39. Rxh6+ Rxh6 40. Qxh6+ Kg8 41. Bxd3 exd3 42. Qe6+ Kh7 43. Nd6 Nxd4 44. Qh6+ Kg8 45. Be5 {[%csl Ge5][%cal Rh6h8]} Ne2+ 46. Kh2 {Precision: White = 68%, Black = 33%.} 1-0

[Event "Texas Collegiate chT 2017"]
[Site "Brownsville"]
[Date "2017.10.21"]
[Round "1"]
[White "Kadric, Denis"]
[Black "Concha Munoz, Claudia"]
[Result "1-0"]
[WhiteElo "2500"]
[BlackElo "1862"]
[Annotator "TA"]
[PlyCount "131"]
[EventDate "2017.??.??"]
[EventType "team-tourn"]
[EventCountry "USA"]
[SourceTitle "playchess.com"]
[Source "ChessBase"]
[SourceQuality "1"]

{[%evp 21,131,48,59,58,58,58,56,52,83,82,88,80,86,62,65,59,72,67,79,43,62,45,81,82,73,66,52,50,131,97,104,101,130,117,161,161,207,130,145,138,161,51,166,127,145,147,192,167,181,166,301,311,331,162,147,177,139,117,117,117,160,160,160,129,160,106,92,61,47,55,139,139,160,140,160,160,160,160,173,174,177,182,215,206,443,199,208,0,422,335,327,297,405,452,415,413,577,554,727,734,707,683,836,817,1137,1066,1137,1093,1058,1027,1081,1062]} 1. e4 {[%cal Be2e4,Be4e5][%mdl 32]} e6 2. d4 d5 3. Nd2 Nf6 4. e5 Nfd7 5. f4 c5 6. c3 Nc6 7. Ndf3 cxd4 8. cxd4 Bb4+ 9. Kf2 f6 10. g3 Qb6 11. Kg2 O-O 12. h4 {C05: French Tarrasch: 3...Nf6 4 e5 Nfd7, 5 f4 and 5 Bd3 sidelines} (12. Bd3 fxe5 13. dxe5 Be7 14. h4 h6 15. Nh3 Nc5 16. Bb1 Bd7 17. Nf2 Nb4 18. Nd4 Ne4 19. Nxe4 dxe4 20. Bxe4 {0-1 (44) Polyakov,M (2422)-Dmitrenko,V (2360) Perm 2014}) 12... Be7 13. Bd3 f5 14. Ne2 {White is slightly better.} Re8 $146 ({Predecessor:} 14... a5 15. Kh2 a4 16. Qg1 h5 17. Ng5 Ndb8 18. a3 {0-1 (68) Srba,M (2237)-Kotek,D (2280) Czechia 2006}) 15. a3 Nf8 16. b4 Bd7 17. Nc3 Rec8 {Black wants to play ...Nxb4.} 18. Na4 Qc7 19. Be3 Be8 20. Rc1 {And now b5 would win.} Qd8 21. h5 a5 22. b5 Na7 23. Qb3 $36 {[%mdl 2048] White has some pressure.} Rxc1 24. Bxc1 b6 ({Better is} 24... h6 $14) 25. Nc3 Rc8 26. Bd2 Bf7 27. Ng5 Bxg5 28. fxg5 g6 29. hxg6 Bxg6 30. Ne2 Rc7 31. Qb2 (31. a4 $18) 31... Rg7 (31... f4 $1 $14 32. Bxg6 (32. Nxf4 Bxd3 33. Nxd3 Qc8 $11) 32... Nxg6) 32. Bf4 Qd7 33. a4 Qf7 34. Qa3 Qd7 35. Rc1 Bh5 (35... Qb7 $142 36. Bd2 Rc7) 36. Qd6 $18 Qb7 {[#]} 37. Bd2 (37. g6 $142 $1 {[%mdl 512] Black must now prevent Bh6.} Rd7 (37... Nxg6 38. Bh6) 38. gxh7+ Rxh7 39. Qd8) 37... Rd7 38. Qa3 Ng6 39. Nf4 Nxf4+ 40. gxf4 Bg4 41. Rh1 {Strongly threatening Rh6.} Qb8 42. Qb3 Qe8 43. Bc1 ({White should try} 43. Rh6) 43... Rc7 44. Bb2 Nc8 45. Rh6 Bh5 ({Black should play} 45... Ne7 $1 $14) 46. Kf2 Bg6 47. Ke3 Rg7 48. Qc2 Na7 49. Rh1 Qd8 50. Rc1 Be8 51. Ba3 {[%cal Bb2a3,Ba3d6,Bd6b8][%mdl 32]} Qd7 52. Bd6 Qf7 $2 (52... Qb7 53. Be2 Bg6) 53. Qh2 (53. Qc7 $142) 53... Qb7 54. Qc2 $2 (54. Rc3) 54... Qf7 $1 55. Bb8 Qh5 56. Qe2 Qh3+ 57. Qf3 Qxf3+ 58. Kxf3 Bh5+ 59. Ke3 {White is clearly winning.} Rb7 60. Bxa7 Rxa7 {[%mdl 4096] Endgame KRB-KRB} 61. Rc6 Kf7 {Now ...Rb7 and Black clings on.} 62. Rxb6 Bd1 63. Rb8 Bxa4 64. b6 Re7 65. b7 Bc6 {[#]} 66. Rf8+ $1 {[%mdl 512] Precision: White = 56%, Black = 33%.} 1-0

[Event "Texas Collegiate chT 2017"]
[Site "Brownsville"]
[Date "2017.10.21"]
[Round "1"]
[White "RAZNIKOV, Dani"]
[Black "Stukopin, Andrey"]
[Result "1/2-1/2"]
[WhiteElo "2491"]
[BlackElo "2592"]
[Annotator "TA"]
[PlyCount "26"]
[EventDate "2017.??.??"]
[EventType "team-tourn"]
[EventCountry "USA"]
[SourceTitle "playchess.com"]
[Source "ChessBase"]
[SourceQuality "1"]

{[%evp 14,26,17,19,16,0,0,0,12,0,0,0,0,-2,13]} 1. d4 d5 2. c4 dxc4 3. Nf3 Nf6 4. e3 e6 5. Bxc4 a6 6. O-O c5 7. Nc3 b5 8. Be2 {The position is equal.} Nbd7 {[%cal Bb8d7,Bd7c5,Bc5e4][%mdl 32] D27: Queen's Gambit Accepted: Classical main line: 7 e4!? and 7 a4} (8... Bb7 9. dxc5 Nc6 10. Qc2 Nb4 11. Qb3 Bxc5 12. Rd1 Qe7 13. a4 O-O 14. axb5 axb5 15. Rxa8 Rxa8 16. Bd2 h6 {½-½ (51) Wojtaszek,R (2745)-Ponomariov,R (2692) Linares 2017}) 9. b3 {[%cal Bb2b3,Bb3b4][%mdl 32]} Bb7 10. Bb2 Be7 11. Rc1 O-O 12. dxc5 Nxc5 13. b4 $146 ({Predecessor:} 13. Qxd8 Rfxd8 14. Rfd1 {0-1 (45) Lie,K (2537)-Yatzenko,A (2356) chess.com INT 2017}) 13... Nce4 1/2-1/2

[Event "Texas Collegiate chT 2017"]
[Site "Brownsville"]
[Date "2017.10.21"]
[Round "1"]
[White "Shtembuliak, Evgeny"]
[Black "Kambrath, Yannick"]
[Result "1-0"]
[WhiteElo "2488"]
[BlackElo "2342"]
[Annotator "TA"]
[PlyCount "87"]
[EventDate "2017.??.??"]
[EventType "team-tourn"]
[EventCountry "USA"]
[SourceTitle "playchess.com"]
[Source "ChessBase"]
[SourceQuality "1"]

{[%evp 15,87,-14,0,0,6,0,7,-16,-2,-16,-13,-12,-11,-21,9,0,11,11,20,8,18,0,13,0,16,16,29,20,35,3,26,43,82,81,69,77,87,84,80,75,68,33,42,47,42,45,45,33,90,86,62,0,367,366,368,375,360,359,352,345,712,655,890,325,458,395,445,445,1033,944,5397,5389,5317,5306]} 1. d4 Nf6 2. c4 e6 3. Nc3 Bb4 4. Bd2 O-O 5. Nf3 d5 6. e3 b6 7. Be2 Bb7 8. O-O Be7 {LiveBook: 4 Games. E51: Nimzo-Indian: Rubinstein: 4...0-0 5 Nf3 d5} (8... dxc4 9. Bxc4 Nbd7 10. Qe2 c5 11. Rfd1 cxd4 12. Nxd4 Ne5 13. Ba6 Qc8 14. Bxb7 Qxb7 15. Ne4 Be7 16. Nxf6+ Bxf6 17. Rac1 Rfd8 18. b4 b5 19. Be1 {½-½ (31) Sokolov,I (2626)-Sargissian,G (2693) Dubai 2016}) 9. Rc1 Nbd7 10. cxd5 exd5 {The position is equal.} 11. Rc2 $146 ({Predecessor:} 11. Bd3 c5 12. dxc5 bxc5 13. Na4 Rc8 14. Bf5 Rc6 15. Bc3 Ra6 16. Bxf6 Nxf6 17. Nxc5 Bxc5 18. Rxc5 Qd6 19. Rc1 Ne4 20. a3 Qf6 {1-0 (41) Efimov,A (2055)-Jarulin,R (2095) Kimry 2003}) 11... a6 12. Bc1 Bd6 13. b3 Qe7 14. Bb2 Ne8 15. Bd3 f5 16. Ne2 g6 17. Qa1 Nef6 18. Rfc1 $36 {[%mdl 2048] Black is under pressure.} Rac8 19. h3 Ne4 20. Ne5 Bxe5 21. dxe5 Nec5 22. Rd2 Nxd3 23. Rxd3 Rfe8 {[%cal Rd7e5] [#]} 24. Nf4 $1 Nxe5 25. Nxd5 Qf7 26. Bxe5 Bxd5 27. f3 c6 28. h4 h6 29. Qd4 Qe7 30. Bg3 b5 31. Qb6 Rcd8 (31... Qf7 $14) 32. Kh2 {Strongly threatening Rxd5!} Kh7 33. h5 (33. Rxd5 $14 Rxd5 34. Rxc6) 33... Rg8 $2 {[%mdl 8192] [#]} (33... gxh5 $11 {and Black is okay.} 34. Qc5 Qg7) 34. Rxd5 $1 $18 Rxd5 35. Rxc6 f4 36. hxg6+ Rxg6 37. Rxg6 Rh5+ $2 (37... fxg3+ 38. Kxg3 Rg5+ 39. Rxg5 Qxg5+ 40. Kf2 Qh4+ 41. Ke2 Qg3 42. Qb7+ (42. Qxa6 Qxg2+ 43. Kd3 Qxf3 $16) 42... Kh8) 38. Kg1 fxg3 39. Rxg3 $2 {KQR-KQR} (39. Rc6) 39... Qf7 (39... Rg5 {was called for.}) 40. Qd4 Rd5 41. Qe4+ {White is clearly winning.} Kh8 (41... Rf5 $142 42. Rg4 Kh8 43. Qa8+ Kh7 44. Qxa6 Re5) 42. Rg6 Rh5 43. Qd4+ Kh7 44. Rd6 {Precision: White = 46%, Black = 40%.} 1-0

[Event "Texas Collegiate chT 2017"]
[Site "Brownsville"]
[Date "2017.10.21"]
[Round "1"]
[White "Drozdowski, Kacper"]
[Black "Hevia Alejano, Carlos Antonio"]
[Result "0-1"]
[WhiteElo "2476"]
[BlackElo "2496"]
[Annotator "TA"]
[PlyCount "120"]
[EventDate "2017.??.??"]
[EventType "team-tourn"]
[EventCountry "USA"]
[SourceTitle "playchess.com"]
[Source "ChessBase"]
[SourceQuality "1"]

{[%evp 21,120,-5,-6,-18,-14,-17,-17,-10,0,-116,-94,-104,-74,-82,-95,-127,-118,-149,-143,-136,-60,-43,-47,-60,-35,-115,-44,-69,-69,-87,-82,-82,-80,-87,-83,-88,-45,-91,-98,-82,-98,-108,-114,-107,-115,-98,-41,-41,-41,-41,-39,-43,-43,-68,-38,-75,-64,-118,-90,-304,-289,-321,-341,-390,-391,-444,-417,-408,-429,-402,-379,-575,-516,-1139,-635,-636,-490,-920,-897,-1266,-1229,-2542,-1114,-1114,-1110,-1110,-1104,-1084,-1084,-1050,-664,-664,-664,-664,-664,-657,-657,-29959,-29960,-29988,-29989]} 1. Nf3 d5 2. d4 e6 3. c4 Nf6 4. Nc3 Nbd7 5. e3 a6 6. b3 b6 7. Bd3 Bb7 8. O-O Bd6 9. Qe2 Ne4 10. Bb2 O-O 11. Rad1 Qe7 {LiveBook: 7 Games. E14: Queen's Indian: Classical Variation (4 e3)} 12. Bb1 f5 13. Nd2 $146 ({Predecessor:} 13. g3 Rf6 14. Ne5 Rff8 15. f4 Nxe5 16. fxe5 Nxc3 17. Bxc3 Ba3 18. Qh5 g6 19. Qh6 Qd7 20. g4 dxc4 21. gxf5 gxf5 22. d5 {½-½ (22) Hernandez Onna,R (2425)-Korneev,O (2560) Valencia 1998}) 13... Nxd2 {The position is equal.} 14. Rxd2 dxc4 15. e4 (15. bxc4 $11 Rae8 16. Bc2) 15... cxb3 $17 16. axb3 Qh4 {[%csl Gd6][%cal Rh4h2] [#]} 17. f4 $1 {[%mdl 512]} Qe7 ({Much worse is} 17... Bxf4 18. g3 $11) 18. e5 Bb4 19. Rc1 Rac8 20. Rd3 Bxc3 (20... b5 $17 21. Na2 c5 22. Nxb4 cxb4) 21. Rdxc3 $15 Nb8 22. Bd3 Bd5 23. b4 (23. Qc2 $15) 23... Rf7 (23... Qxb4 $17 24. Rxc7 Nc6 25. Rxc8 Rxc8 26. Bxa6 Ra8) 24. Ba3 b5 $1 25. Qe3 c6 26. Rb1 Nd7 27. Bc1 Nb6 28. Ra3 Ra8 29. Qe1 Bc4 30. Bc2 Qd8 31. Be3 Bd5 32. Rba1 Rfa7 33. Bd3 {[#]} Nc4 (33... Bc4 $1 $17 34. Bc2 Nd5) 34. Bxc4 $1 bxc4 35. Bd2 h6 36. h3 Be4 37. Kh2 Kh7 ({Much weaker is} 37... Qxd4 $6 38. Be3 $11) 38. Be3 Bd5 39. Qd2 (39. Bd2 $15) 39... Qe7 40. Ra5 $2 (40. Qe1 $17 {might work better.}) 40... Rb7 $19 41. R1a4 {[#]} Rab8 $1 42. Rxa6 Rxb4 43. Ra7 R4b7 44. Rxb7 Qxb7 ({Less strong is} 44... Rxb7 45. Ra5 $19) 45. Ra1 Qb2 46. Rf1 (46. Qxb2 $142 Rxb2 47. Rg1) 46... Qa3 {Strongly threatening ...Rb2.} 47. Rf2 (47. Qe1 $142 Qd3 48. Qf2) 47... Rb3 48. Re2 Be4 49. Qe1 (49. Qc1 $142 Qb4 50. Qg1) 49... Rb1 50. Qh4 Qd3 51. Re1 Rb2 (51... Qc2 $142 52. Qf2 Rxe1 53. Qxc2 Bxc2) 52. Bf2 Qd2 53. Kg1 c3 {[%cal Bc4c3,Bc3c2][%mdl 32] And now ...c2 would win.} 54. Qg3 c2 55. Be3 Qd1 56. Bc1 {[#]} Rb3 $1 {[%mdl 512]} 57. Qf2 (57. Qxb3 Qxe1+) 57... Rd3 58. Kh2 Rxd4 59. Qh4 Rd2 60. Rxe4 Qxc1 {Precision: White = 29%, Black = 69%.} 0-1